00421nam a2200121Ia 4500008004100000024004600041082001600087100007000103245004100173260002600214600002100240650003800261260210s9999 xx 000 0 und d a12B-40-BS, 12B-002-BS & 12B-44-BS a004.072 MUH aMuhammad Yasir, Muhammad Rafay Uddin & Muhammad Takbeer Mirza 0aIntelligent Sales Engine (code book) aKarachi:bUITU,c2012 aComputer Science aBachelor of Computer Science (BS)